[Event "Dresden op 10th"]
[Site "Dresden"]
[Date "2001.08.02"]
[Round "8"]
[White "Krueger, Roman"]
[Black "Klings, Peter"]
[Result "0-1"]
[WhiteElo "1680"]
[BlackElo "2179"]
[PlyCount "76"]
[EventDate "2001.07.27"]
[EventType "swiss"]
[EventRounds "9"]
[EventCountry "GER"]
[SourceTitle "EXT 2004"]
[Source "ChessBase"]
[SourceDate "2003.11.25"]
[SourceVersion "1"]
[SourceVersionDate "2003.11.25"]
[SourceQuality "1"]

1. Nf3 c5 2. e3 g6 3. d4 Bg7 4. c3 Nf6 5. Nbd2 d6 6. Bd3 0-0 7. 0-0 Nc6 8. Re1 Bd7 9. dxc5 dxc5 10. e4 Qc7 11. Qe2 a6 12. a4 Rad8 13. Ng5 h6 14. Ngf3 e5 15. b3 Rfe8 16. Bc4 Na5 17. Nf1 Nxc4 18. bxc4 Qa5 19. Qc2 b5 20. Ne3 bxa4 21. Nd2 Rb8 22. Nd5 Kh7 23. Qd3 Red8 24. h3 Nh5 25. h4 Rb7 26. g3 Rf8 27. Kg2 Kh8 28. Ba3 f5 29. f3 Be6 30. Rab1 Rbf7 31. Rf1 Rc8 32. Rb2 Qd8 33. Rfb1 f4 34. g4 Qxh4 35. Rh1 Qg3+ 36. Kf1 Bxg4 37. Rb1 Bh3+ 38. Ke2 Qg2+ 0-1